Silk City & Dua Lipa - Electricity (feat. Diplo & Mark Ronson) - Statistics

General Stats
  • This quiz has been taken 32 times
  • The average score is 385 of 469
Answer Stats
Lyric % Correct
electric,
100%
electricity
100%
Electricity
100%
I
100%
I,
100%
it
100%
When
100%
a
93%
feel
93%
Feel
93%
go
93%
love
93%
me
93%
no
93%
on
93%
ooh,
93%
ooh
93%
you,
93%
you
93%
You
93%
your
93%
And
87%
and
87%
cannot
87%
deny
87%
Even
87%
even
87%
if
87%
If
87%
I'll
87%
I'm
87%
I'ma
87%
in
87%
my
87%
never
87%
this
87%
This
87%
what
87%
baby
80%
be
80%
been
80%
Can't
80%
ceiling
80%
feeling
80%
Feeling
80%
give
80%
Give
80%
has
80%
into
80%
know
80%
know,
80%
let
80%
now
80%
so
80%
So
80%
strong
80%
the
80%
to
80%
up
80%
with
80%
would
80%
compare
73%
could,
73%
could
73%
for
73%
see
73%
through
73%
turn
73%
wouldn't
73%
wrong
73%
you've
73%
care
67%
do,
67%
Don't
67%
ghost
67%
is
67%
treating
67%
Treating
67%
wanna
67%
Wanna
67%
yourself
67%
All
60%
differently
60%
Falling
60%
stop
60%
world
60%
awake
53%
dreams
53%
Giving
53%
face
47%
friend
47%
ready,
47%
ready
47%
saw
47%
think
47%
Think
47%
bittersweet
40%
I'd
40%
only
40%
vividly
40%
Wide
40%
lately
33%
flowing
7%
No matching quizzes found
Score Distribution
Percent of People with Each Score
Percentile by Number Answered
Your Score History
You have not taken this quiz